| 000 | 01144cam a22002531i 4500 | ||
|---|---|---|---|
| 003 | SA-RiAUC | ||
| 005 | 20250604122911.0 | ||
| 008 | 250511s1981 xx g 000rp ara c | ||
| 040 |
_aSA-RiAUC _bara _cSA-RiAUC _erda |
||
| 082 | 0 | 4 |
_a811.9531 _qSA-RiAUC |
| 090 |
_a811.9531 _bش ا ط |
||
| 100 | 1 |
_aالشاطري، محمد بن أحمد بن عمر، _d1331 هجري- _eمؤلف. |
|
| 245 | 1 | 2 |
_aالقطوف الجنية من رياض الأشعار الشاطرية / _cمحمد بن أحمد الشاطري ؛ جمع محمد علي يوسف ؛ قدم لها أحمد بن محمد طاحون. |
| 264 | 1 |
_a[مكان النشر غير محدد] : _b[الناشر غير محدد]، _c[1981] |
|
| 300 |
_a287 صفحة ؛ _c20 سم |
||
| 336 |
_aنص _btxt _2rdacontent _3كتاب |
||
| 337 |
_aبدون وسيط _bn _2rdamedia |
||
| 338 |
_aمجلد _bnc _2rdacarrier |
||
| 650 | 7 |
_aالشعر العربي _zالسعودية _yقرن 14 هجري _2aucsh |
|
| 700 | 1 |
_aيوسف، محمد علي _eجامع. |
|
| 700 | 1 |
_aطاحون، أحمد بن محمد _eمقدم. |
|
| 942 |
_2ddc _cBOOK _n0 |
||
| 949 |
_aSA-JeALM _d250511 _umohamedma123 _n1 |
||
| 999 |
_c8736 _d8736 |
||